[Event "AUTO-MASTER-1293"]
[Site "http://www.queenalice.com/game.php?id=870924"]
[Date "2010.12.12"]
[Round "1"]
[White "PROFILER"]
[Black "HokZ157"]
[Result "1-0"]
[WhiteElo "2172"]
[BlackElo "1936"]

1. e4 c6 2. d4 d5 3. e5 Bf5 4. Nf3 e6 5. Bd3 Bg6 6. h4 Bxd3 7. Qxd3 a6 8. Bd2 c5
9. c3 Nc6 10. a3 Qb6 11. b4 c4 12. Qc2 1-0

[Event "AUTO-MASTER-1293"]
[Site "http://www.queenalice.com/game.php?id=870938"]
[Date "2010.12.12"]
[Round "1"]
[White "pista2010"]
[Black "HokZ157"]
[Result "1-0"]
[WhiteElo "2223"]
[BlackElo "1978"]

1. e4 c6 2. Nc3 d5 3. Nf3 dxe4 4. Nxe4 Bf5 5. Ng3 Bg6 6. d4 Nd7 7. h4 h6 8. Bd3
Bxd3 9. Qxd3 Ngf6 10. Bf4 Nd5 11. Be5 e6 12. Nh5 Nxe5 13. dxe5 1-0

[Event "AUTO-MASTER-1293"]
[Site "http://www.queenalice.com/game.php?id=870939"]
[Date "2010.12.12"]
[Round "1"]
[White "HokZ157"]
[Black "pista2010"]
[Result "0-1"]
[WhiteElo "1985"]
[BlackElo "2218"]

1. d4 Nf6 2. Nf3 Ne4 3. e3 d5 4. c4 c6 5. Bd3 Bf5 6. O-O e6 7. cxd5 exd5 8. Nc3
Nd7 9. Qc2 Ndf6 10. Nh4 Bg6 11. Nxg6 hxg6 12. Nxe4 Nxe4 0-1

[Event "AUTO-MASTER-1293"]
[Site "http://www.queenalice.com/game.php?id=870946"]
[Date "2010.12.12"]
[Round "1"]
[White "technicaldraw"]
[Black "HokZ157"]
[Result "1-0"]
[WhiteElo "1992"]
[BlackElo "1972"]

1. e4 c6 2. d4 d5 3. e5 Bf5 4. Nf3 e6 5. Be2 a6 6. O-O c5 7. c3 Nc6 8. Nbd2 Rc8
9. a3 c4 10. b3 b5 11. b4 Nge7 12. h3 h6 13. Nh4 Bh7 14. f4 Nf5 15. Nxf5 Bxf5
16. g4 Bh7 17. Nf3 Be7 18. Bd2 Be4 19. Be3 Bxf3 20. Bxf3 Bh4 21. Qe2 1-0

[Event "AUTO-MASTER-1293"]
[Site "http://www.queenalice.com/game.php?id=870947"]
[Date "2010.12.12"]
[Round "1"]
[White "HokZ157"]
[Black "technicaldraw"]
[Result "0-1"]
[WhiteElo "1957"]
[BlackElo "2007"]

1. d4 d5 2. c4 c6 3. Nf3 Nf6 4. Nc3 e6 5. e3 Nbd7 6. Bd3 dxc4 7. Bxc4 b5 8. Bb3
Be7 9. e4 b4 10. e5 bxc3 11. exf6 Bb4 12. O-O Nxf6 13. Qc2 Nd5 14. Ne5 cxb2 15.
Bxb2 Bb7 16. Nxc6 Bxc6 17. Qxc6+ Ke7 18. Rac1 Bd6 19. Rfe1 Nb6 0-1

[Event "Challenge"]
[Site "http://www.queenalice.com/game.php?id=939135"]
[Date "2011.5.17"]
[Round "-"]
[White "HokZ157"]
[Black "PawnOne"]
[Result "1-0"]
[WhiteElo "1929"]
[BlackElo "1945"]

1. d4 d5 2. c4 dxc4 3. Nf3 Nf6 4. e3 Bg4 5. Bxc4 e6 6. Nbd2 Bb4 7. Qa4+ Nc6 8.
Ne5 Bxd2+ 9. Bxd2 O-O 10. Nxc6 bxc6 11. Qxc6 Bf5 12. O-O Rb8 13. Bb3 Rb6 14. Qc4
Ne4 15. Bb4 Nd6 16. Bxd6 cxd6 17. Rac1 Qd7 18. Qc7 Rb7 19. Qxd7 Rxd7 20. Bc2
Bxc2 21. Rxc2 a5 22. Rfc1 Rdd8 23. Rc6 d5 24. Ra6 Rb8 25. b3 Rb5 26. Rc5 Rfb8
27. Rxb5 1-0

[Event "AUTO-MASTER-1411"]
[Site "http://www.queenalice.com/game.php?id=939628"]
[Date "2011.5.18"]
[Round "1"]
[White "celsolrc"]
[Black "HokZ157"]
[Result "0-1"]
[WhiteElo "1999"]
[BlackElo "1946"]

1. c4 Nf6 2. Nc3 b6 3. g3 Bb7 4. Nf3 e6 5. Bg2 Be7 6. O-O d5 7. cxd5 Nxd5 8. Rb1
O-O 9. a3 Nd7 10. d3 c5 11. Bd2 Nxc3 12. Bxc3 Bf6 13. Bxf6 Nxf6 14. Qc2 Rc8 15.
e4 Qc7 16. b3 Rfd8 17. Rbd1 Ng4 18. h3 Ne5 19. Nxe5 Qxe5 20. f4 Qd4+ 21. Kh2 e5
22. fxe5 Qxe5 23. Rf5 Qd4 24. Rf4 Ba6 25. Bf1 c4 26. bxc4 Bxc4 27. e5 Bxd3 28.
Qxc8 Qb2+ 29. Bg2 Rxc8 0-1

[Event "AUTO-MASTER-1411"]
[Site "http://www.queenalice.com/game.php?id=939629"]
[Date "2011.5.18"]
[Round "1"]
[White "HokZ157"]
[Black "celsolrc"]
[Result "1/2-1/2"]
[WhiteElo "1964"]
[BlackElo "2054"]

1. d4 d5 2. c4 c6 3. Nf3 Nf6 4. Bg5 e6 5. Nc3 Be7 6. e3 O-O 7. Bd3 dxc4 8. Bxc4
Nd5 9. Bxe7 Qxe7 10. Qc2 Nd7 11. Nxd5 cxd5 12. Bd3 f5 13. O-O Nf6 14. Ne5 Nd7
15. f4 Nxe5 16. fxe5 Qg5 17. Rf3 g6 18. Qc7 Rf7 19. Qd6 Bd7 20. Rc1 Qe7 21. Qxe7
Rxe7 22. Rc7 Kf7 23. Rxb7 a6 24. Rf2 Bb5 25. Rxe7+ Kxe7 26. Bb1 Rc8 27. Rc2 Rxc2
28. Bxc2 a5 29. Kf2 g5 30. g4 Bd7 31. Kg3 Kf7 32. h4 h6 33. gxf5 exf5 34. hxg5
hxg5 35. a4 Ke7 36. b3 Be6 37. Bd3 Kf7 38. Bb5 Kg7 39. b4 axb4 40. a5 b3 41. Bd3
Bc8 42. a6 b2 43. a7 f4+ 44. exf4 gxf4+ 45. Kxf4 Bb7 46. Kg5 Kf7 47. Kf5 Ke7 48.
Kg6 Ba8 49. Kf5 Bc6 50. e6 Ba8 51. Ke5 1/2-1/2

[Event "AUTO-MASTER-1411"]
[Site "http://www.queenalice.com/game.php?id=939642"]
[Date "2011.5.18"]
[Round "1"]
[White "HokZ157"]
[Black "Andreu"]
[Result "1-0"]
[WhiteElo "1972"]
[BlackElo "1942"]

1. d4 c5 2. c4 cxd4 3. Nf3 Qa5+ 4. Nbd2 e5 5. g3 Nf6 6. Bg2 Nc6 7. O-O b5 8.
Nxe5 Qb6 9. cxb5 Qxb5 10. Ndc4 Bc5 11. b3 Rb8 12. Nd3 O-O 13. Nxc5 Qxc5 14. Ba3
Nb4 15. Rc1 Re8 16. Ne3 Qb5 17. Qxd4 Nxa2 18. Rc2 Nb4 19. Bxb4 Qxb4 20. Qxa7
Qxb3 21. Rc7 Ne4 22. Rfc1 Nd6 23. Qc5 Qb6 24. Qxb6 Rxb6 25. Nd5 Rb8 26. e4 f6
27. f3 Nb5 28. Rxc8 Nd4 29. Rxe8+ Rxe8 30. Rc8 Rxc8 31. Ne7+ Kf7 32. Nxc8 g5 33.
Kf2 Ke6 34. Bh3+ 1-0

[Event "AUTO-MASTER-1411"]
[Site "http://www.queenalice.com/game.php?id=939643"]
[Date "2011.5.18"]
[Round "1"]
[White "Andreu"]
[Black "HokZ157"]
[Result "1-0"]
[WhiteElo "1923"]
[BlackElo "1991"]

1. e4 c6 2. Nc3 d5 3. Nf3 dxe4 4. Nxe4 Bf5 5. Nc3 Nd7 6. Bc4 e6 7. a3 Ngf6 8.
O-O Qc7 9. d4 Bd6 10. g3 h6 11. Re1 O-O-O 12. Nh4 Bh3 13. Bf1 Bxf1 14. Rxf1 h5
15. Ne2 Rdg8 16. Nf3 Ne4 17. Qd3 f5 18. Nf4 Nf8 19. c4 g5 20. Ne2 h4 21. Ne5
Bxe5 22. dxe5 Qxe5 23. Be3 f4 24. Bd4 Qf5 25. Bxh8 Rxh8 26. Rad1 Ng6 27. Qd7+
Kb8 28. Nd4 Qh3 29. Nxe6 hxg3 30. Qc7+ 1-0

[Event "AUTO-MASTER-1411"]
[Site "http://www.queenalice.com/game.php?id=939644"]
[Date "2011.5.18"]
[Round "1"]
[White "HokZ157"]
[Black "andre2006"]
[Result "1-0"]
[WhiteElo "1968"]
[BlackElo "1869"]

1. d4 Nf6 2. c4 e6 3. g3 d5 4. Bg2 Nc6 5. Nf3 Be7 6. O-O dxc4 7. e3 O-O 8. Qc2
b5 9. Ne5 Nxe5 10. Bxa8 Nf3+ 11. Bxf3 Bd6 12. Nc3 e5 13. dxe5 Bxe5 14. Nxb5 Be6
15. Rd1 Qb8 16. Nd4 Bxd4 17. exd4 Rd8 18. Bg5 Qb6 19. Bxf6 gxf6 20. d5 Bh3 21.
Qxc4 Qxb2 22. Rab1 Qe5 23. Rb7 Rc8 24. Bg4 1-0

[Event "AUTO-MASTER-1411"]
[Site "http://www.queenalice.com/game.php?id=939645"]
[Date "2011.5.18"]
[Round "1"]
[White "andre2006"]
[Black "HokZ157"]
[Result "0-1"]
[WhiteElo "1857"]
[BlackElo "1980"]

1. d4 Nf6 2. c4 e6 3. Bg5 Be7 4. Nc3 O-O 5. Nf3 b6 6. e4 d6 7. Be2 Bb7 8. d5 e5
9. O-O Nxd5 10. Bxe7 Nxe7 11. Qc2 Nd7 12. Rad1 f5 13. exf5 Nxf5 14. Bd3 Bxf3 15.
gxf3 Qg5+ 16. Kh1 Nh4 17. Rg1 Qf4 18. Bxh7+ Kh8 19. Rg3 Nxf3 20. Nd5 Qh6 21. h3
Qxh7 22. Qe2 Nd4 23. Qd2 Rf3 24. Rdg1 Rxg3 25. Rxg3 Qe4+ 26. Kh2 Nf3+ 27. Kg2
Nxd2+ 0-1